Countries by Codes - Statistics

General Stats
  • This quiz has been taken 14 times
  • The average score is 7 of 12
Answer Stats
Picture Hint Answer % Correct
Look at the caveat Russia
100%
Canada
64%
Indonesia
64%
Kazakhstan
64%
Samoa
55%
Turkey
55%
Germany
45%
Lesotho
45%
Tuvalu
45%
Vietnam
45%
Belize
36%
Japan
36%
No matching quizzes found
Score Distribution
Percent of People with Each Score
Percentile by Number Answered
Your Score History
You have not taken this quiz